000 00309nam a22001337a 4500
008 181011b xxu||||| |||| 00| 0 eng d
020 _a9780073514949
041 _aeng
080 _a159.9
100 _a48
101 _aPSI
245 _aClashin Views in Lifespan Development
_cGuest,A.M
942 _2udc
_cBK
999 _c49345
_d49345